| 000 | 01379nam a22002417a 4500 | ||
|---|---|---|---|
| 999 |
_c59336 _d59336 |
||
| 003 | Ge_BSU | ||
| 005 | 20230124154103.0 | ||
| 008 | 230124s2009 ge ||||| |||| 00| 0 geo d | ||
| 020 | _a9789941911750 | ||
| 041 | _ageo | ||
| 080 | _a316.46 : 005 ბ-48 | ||
| 100 |
_aბენისი, უორენ _916772 |
||
| 245 |
_aვსწავლობთ ლიდერობას = Learning to lead : როგორ გავხდეთ ლიდერი : _bსამუშაო წიგნი / _cუორენ ბენისი, ჯოან გოლდსმითი ; [მთარგმნ. კონსტანტინე გრძელიშვილი ; სამეცნ. რედ. შორენა მაღლაკელიძე]. |
||
| 250 | _aპირველი ქართ. გამოც. | ||
| 264 |
_aთბილისი : _bილია ჭავჭავაძის სახელმწ. უნ-ტი, _c2009. |
||
| 300 |
_a242 გვ. ; _b20 სმ. |
||
| 504 | _aბიბლიოგრ.: გვ. 233-235. | ||
| 653 | _aლიდერობა | ||
| 653 | _aმენეჯმენტი | ||
| 700 |
_aგოლდსმითი, ჯოან, _eავტორი _916773 |
||
| 700 |
_aგრძელიშვილი, კონსტანტინე _eმთარგმნელი _916771 |
||
| 942 |
_2udc _cBK |
||